<?xml version="1.0" encoding="UTF-8"?>
<marc:record xmlns:marc="http://www.loc.gov/MARC21/slim" type="Bibliographic">
   <marc:leader>00000pam a2200000 c 4500</marc:leader>
   <marc:controlfield tag="001">949108510</marc:controlfield>
   <marc:controlfield tag="003">DE-101</marc:controlfield>
   <marc:controlfield tag="005">20171203004530.0</marc:controlfield>
   <marc:controlfield tag="007">tu</marc:controlfield>
   <marc:controlfield tag="008">961118s1996    au ||||| |||| 00||||ger  </marc:controlfield>
   <marc:datafield ind1=" " ind2=" " tag="015">
      <marc:subfield code="a">97,A34,0522</marc:subfield>
      <marc:subfield code="z">96,N50,0310</marc:subfield>
      <marc:subfield code="2">dnb</marc:subfield>
   </marc:datafield>
   <marc:datafield ind1="7" ind2=" " tag="016">
      <marc:subfield code="2">DE-101</marc:subfield>
      <marc:subfield code="a">949108510</marc:subfield>
   </marc:datafield>
   <marc:datafield ind1=" " ind2=" " tag="020">
      <marc:subfield code="a">9783700311706</marc:subfield>
      <marc:subfield code="c">kart. : DM 31.00, S 226.00, sfr 29.00</marc:subfield>
      <marc:subfield code="9">978-3-7003-1170-6</marc:subfield>
   </marc:datafield>
   <marc:datafield ind1=" " ind2=" " tag="020">
      <marc:subfield code="a">3700311702</marc:subfield>
      <marc:subfield code="c">kart. : DM 31.00, S 226.00, sfr 29.00</marc:subfield>
      <marc:subfield code="9">3-7003-1170-2</marc:subfield>
   </marc:datafield>
   <marc:datafield ind1=" " ind2=" " tag="035">
      <marc:subfield code="a">(DE-599)DNB949108510</marc:subfield>
   </marc:datafield>
   <marc:datafield ind1=" " ind2=" " tag="035">
      <marc:subfield code="a">(OCoLC)611630882</marc:subfield>
   </marc:datafield>
   <marc:datafield ind1=" " ind2=" " tag="040">
      <marc:subfield code="a">1140</marc:subfield>
      <marc:subfield code="b">ger</marc:subfield>
      <marc:subfield code="c">DE-101</marc:subfield>
      <marc:subfield code="d">9999</marc:subfield>
   </marc:datafield>
   <marc:datafield ind1=" " ind2=" " tag="041">
      <marc:subfield code="a">ger</marc:subfield>
   </marc:datafield>
   <marc:datafield ind1=" " ind2=" " tag="043">
      <marc:subfield code="c">XA-AT</marc:subfield>
   </marc:datafield>
   <marc:datafield ind1=" " ind2=" " tag="044">
      <marc:subfield code="c">XA-AT</marc:subfield>
   </marc:datafield>
   <marc:datafield ind1=" " ind2=" " tag="084">
      <marc:subfield code="a">19</marc:subfield>
      <marc:subfield code="a">16</marc:subfield>
      <marc:subfield code="a">17</marc:subfield>
      <marc:subfield code="a">340</marc:subfield>
      <marc:subfield code="a">360</marc:subfield>
      <marc:subfield code="q">DE-101</marc:subfield>
      <marc:subfield code="2">sdnb</marc:subfield>
   </marc:datafield>
   <marc:datafield ind1=" " ind2=" " tag="084">
      <marc:subfield code="a">10.12</marc:subfield>
      <marc:subfield code="a">10.4</marc:subfield>
      <marc:subfield code="a">7.3</marc:subfield>
      <marc:subfield code="a">7.11b</marc:subfield>
      <marc:subfield code="a">8.2a</marc:subfield>
      <marc:subfield code="q">DE-101</marc:subfield>
      <marc:subfield code="2">sswd</marc:subfield>
   </marc:datafield>
   <marc:datafield ind1="1" ind2=" " tag="100">
      <marc:subfield code="0">(DE-588)11943038X</marc:subfield>
      <marc:subfield code="0">http://d-nb.info/gnd/11943038X</marc:subfield>
      <marc:subfield code="0">(DE-101)11943038X</marc:subfield>
      <marc:subfield code="a">Pernthaler, Peter</marc:subfield>
      <marc:subfield code="d">1935-</marc:subfield>
      <marc:subfield code="e">Verfasser</marc:subfield>
      <marc:subfield code="4">aut</marc:subfield>
   </marc:datafield>
   <marc:datafield ind1="0" ind2="0" tag="245">
      <marc:subfield code="a">Kammern im Bundesstaat</marc:subfield>
      <marc:subfield code="b">verfassungsrechtliche und verfassungspolitische Gesichtspunkte einer stärkeren Föderalisierung der Kammern in Österreich</marc:subfield>
      <marc:subfield code="c">Peter Pernthaler</marc:subfield>
   </marc:datafield>
   <marc:datafield ind1=" " ind2="1" tag="264">
      <marc:subfield code="a">Wien</marc:subfield>
      <marc:subfield code="b">Braumüller</marc:subfield>
      <marc:subfield code="c">1996</marc:subfield>
   </marc:datafield>
   <marc:datafield ind1=" " ind2=" " tag="300">
      <marc:subfield code="a">XIV, 77 S.</marc:subfield>
      <marc:subfield code="c">24 cm</marc:subfield>
   </marc:datafield>
   <marc:datafield ind1=" " ind2=" " tag="336">
      <marc:subfield code="a">Text</marc:subfield>
      <marc:subfield code="b">txt</marc:subfield>
      <marc:subfield code="2">rdacontent</marc:subfield>
   </marc:datafield>
   <marc:datafield ind1=" " ind2=" " tag="337">
      <marc:subfield code="a">ohne Hilfsmittel zu benutzen</marc:subfield>
      <marc:subfield code="b">n</marc:subfield>
      <marc:subfield code="2">rdamedia</marc:subfield>
   </marc:datafield>
   <marc:datafield ind1=" " ind2=" " tag="338">
      <marc:subfield code="a">Band</marc:subfield>
      <marc:subfield code="b">nc</marc:subfield>
      <marc:subfield code="2">rdacarrier</marc:subfield>
   </marc:datafield>
   <marc:datafield ind1="1" ind2=" " tag="490">
      <marc:subfield code="a">Schriftenreihe des Instituts für Föderalismusforschung</marc:subfield>
      <marc:subfield code="v">Bd. 68</marc:subfield>
   </marc:datafield>
   <marc:datafield ind1=" " ind2=" " tag="500">
      <marc:subfield code="a">Literaturverz. S. 73 - 77</marc:subfield>
   </marc:datafield>
   <marc:datafield ind1=" " ind2="7" tag="650">
      <marc:subfield code="0">(DE-588)4233208-4</marc:subfield>
      <marc:subfield code="0">http://d-nb.info/gnd/4233208-4</marc:subfield>
      <marc:subfield code="0">(DE-101)042332087</marc:subfield>
      <marc:subfield code="a">Kammer</marc:subfield>
      <marc:subfield code="g">Selbstverwaltung</marc:subfield>
      <marc:subfield code="2">gnd</marc:subfield>
   </marc:datafield>
   <marc:datafield ind1=" " ind2="7" tag="650">
      <marc:subfield code="0">(DE-588)4043774-7</marc:subfield>
      <marc:subfield code="0">http://d-nb.info/gnd/4043774-7</marc:subfield>
      <marc:subfield code="0">(DE-101)040437744</marc:subfield>
      <marc:subfield code="a">Organisation</marc:subfield>
      <marc:subfield code="2">gnd</marc:subfield>
   </marc:datafield>
   <marc:datafield ind1=" " ind2="7" tag="650">
      <marc:subfield code="0">(DE-588)4009006-1</marc:subfield>
      <marc:subfield code="0">http://d-nb.info/gnd/4009006-1</marc:subfield>
      <marc:subfield code="0">(DE-101)04009006X</marc:subfield>
      <marc:subfield code="a">Bundesstaat</marc:subfield>
      <marc:subfield code="2">gnd</marc:subfield>
   </marc:datafield>
   <marc:datafield ind1=" " ind2="7" tag="650">
      <marc:subfield code="0">(DE-588)4253590-6</marc:subfield>
      <marc:subfield code="0">http://d-nb.info/gnd/4253590-6</marc:subfield>
      <marc:subfield code="0">(DE-101)042535905</marc:subfield>
      <marc:subfield code="a">Bundesland</marc:subfield>
      <marc:subfield code="2">gnd</marc:subfield>
   </marc:datafield>
   <marc:datafield ind1=" " ind2="7" tag="650">
      <marc:subfield code="0">(DE-588)4068155-5</marc:subfield>
      <marc:subfield code="0">http://d-nb.info/gnd/4068155-5</marc:subfield>
      <marc:subfield code="0">(DE-101)040681556</marc:subfield>
      <marc:subfield code="a">Zuständigkeit</marc:subfield>
      <marc:subfield code="2">gnd</marc:subfield>
   </marc:datafield>
   <marc:datafield ind1=" " ind2="7" tag="651">
      <marc:subfield code="0">(DE-588)4043271-3</marc:subfield>
      <marc:subfield code="0">http://d-nb.info/gnd/4043271-3</marc:subfield>
      <marc:subfield code="0">(DE-101)040432718</marc:subfield>
      <marc:subfield code="a">Österreich</marc:subfield>
      <marc:subfield code="2">gnd</marc:subfield>
   </marc:datafield>
   <marc:datafield ind1="0" ind2="0" tag="689">
      <marc:subfield code="0">(DE-588)4043271-3</marc:subfield>
      <marc:subfield code="0">http://d-nb.info/gnd/4043271-3</marc:subfield>
      <marc:subfield code="0">(DE-101)040432718</marc:subfield>
      <marc:subfield code="D">g</marc:subfield>
      <marc:subfield code="a">Österreich</marc:subfield>
   </marc:datafield>
   <marc:datafield ind1="0" ind2="1" tag="689">
      <marc:subfield code="0">(DE-588)4233208-4</marc:subfield>
      <marc:subfield code="0">http://d-nb.info/gnd/4233208-4</marc:subfield>
      <marc:subfield code="0">(DE-101)042332087</marc:subfield>
      <marc:subfield code="D">s</marc:subfield>
      <marc:subfield code="a">Kammer</marc:subfield>
      <marc:subfield code="g">Selbstverwaltung</marc:subfield>
   </marc:datafield>
   <marc:datafield ind1="0" ind2="2" tag="689">
      <marc:subfield code="0">(DE-588)4043774-7</marc:subfield>
      <marc:subfield code="0">http://d-nb.info/gnd/4043774-7</marc:subfield>
      <marc:subfield code="0">(DE-101)040437744</marc:subfield>
      <marc:subfield code="D">s</marc:subfield>
      <marc:subfield code="a">Organisation</marc:subfield>
   </marc:datafield>
   <marc:datafield ind1="0" ind2="3" tag="689">
      <marc:subfield code="0">(DE-588)4009006-1</marc:subfield>
      <marc:subfield code="0">http://d-nb.info/gnd/4009006-1</marc:subfield>
      <marc:subfield code="0">(DE-101)04009006X</marc:subfield>
      <marc:subfield code="D">s</marc:subfield>
      <marc:subfield code="a">Bundesstaat</marc:subfield>
   </marc:datafield>
   <marc:datafield ind1="0" ind2="4" tag="689">
      <marc:subfield code="0">(DE-588)4253590-6</marc:subfield>
      <marc:subfield code="0">http://d-nb.info/gnd/4253590-6</marc:subfield>
      <marc:subfield code="0">(DE-101)042535905</marc:subfield>
      <marc:subfield code="D">s</marc:subfield>
      <marc:subfield code="a">Bundesland</marc:subfield>
   </marc:datafield>
   <marc:datafield ind1="0" ind2="5" tag="689">
      <marc:subfield code="0">(DE-588)4068155-5</marc:subfield>
      <marc:subfield code="0">http://d-nb.info/gnd/4068155-5</marc:subfield>
      <marc:subfield code="0">(DE-101)040681556</marc:subfield>
      <marc:subfield code="D">s</marc:subfield>
      <marc:subfield code="a">Zuständigkeit</marc:subfield>
   </marc:datafield>
   <marc:datafield ind1="0" ind2=" " tag="689">
      <marc:subfield code="5">DE-101</marc:subfield>
      <marc:subfield code="5">DE-101</marc:subfield>
   </marc:datafield>
   <marc:datafield ind1="2" ind2=" " tag="810">
      <marc:subfield code="a">Institut für Föderalismusforschung</marc:subfield>
      <marc:subfield code="g">Innsbruck</marc:subfield>
      <marc:subfield code="4">aut</marc:subfield>
      <marc:subfield code="t">Schriftenreihe des Instituts für Föderalismusforschung</marc:subfield>
      <marc:subfield code="v">Bd. 68</marc:subfield>
      <marc:subfield code="w">(DE-101)012964433</marc:subfield>
      <marc:subfield code="w">(DE-600)543947-4</marc:subfield>
      <marc:subfield code="9">268</marc:subfield>
      <marc:subfield code="7">as</marc:subfield>
   </marc:datafield>
   <marc:datafield ind1=" " ind2=" " tag="850">
      <marc:subfield code="a">DE-101a</marc:subfield>
      <marc:subfield code="a">DE-101b</marc:subfield>
   </marc:datafield>
   <marc:datafield ind1="r" ind2=" " tag="925">
      <marc:subfield code="a">ra</marc:subfield>
   </marc:datafield>
</marc:record>
